1412 1051 1862 1036 1012 1253 1409 1939 1667 1279 1491 1863 1029 1417 1108 1201 1691 1181 1785 1158 1029 1527 1632 1084 1836 1536 1457 1572 1808 1097 1553 1436 1551 1797 1836 1132 1366 1305 1124 1298 1753 1287 1231 1696 1849 1955 1092 1645 1008 1980 1396 1710 1772 1761 1404 1857 1893 1366 1001 1163 1856 1251 1509 1592 1337 1362 1684 1496 1087 1351 1316 1648 1351 1332 1075 1202 1614 1881 1350 1641 1044 1420 1075 1184 1173 1655 1744 1698 1316 1447 1526 1324 1103 1262 1677 1140 1906 1451 1477 BCNSPRNW ULIB Ver.6.0+V

เปลี่ยนเป็นภาษาไทย

Change to English
 แสดงรายละเอียดบรรณานุกรม
  กลับหน้าหลัก

Brief Record : Get Marc (ISO 2709) : E-mail record : QR code < ปิดหน้าต่าง
LEADER : 00000nam 2200000uu 4500
001    13399120228
003     ULIB
008    120917s2546||||th 000 0 tha d
020    ^a9789746520140
060  4 ^aQS604^bก768ว
100 0  ^aเกล็ดแก้ว ด่านวิวัฒน์
245 10 ^aวิทยาเอ็มบริโอ =^bEmbryology /^cเกล็ดแก้ว ด่านวิวัฒน์
246 31 ^aEmbryology
250    ^aพิมพ์ครั้งที่ 1
260    ^aกรุงเทพฯ :^bบุ๊คเน็ท,^c2546
300    ^avii, 114 หน้า :^bภาพประกอบ ;^c26 ซม
500    ^aดัชนี
504    ^aบรรณานุกรม: หน้า 111
650  2 ^aAbnormalities
650  2 ^aEmbryology
650  2 ^aFetal Development
650  4 ^aเอ็มบริโอ, วิทยา
650  4 ^aทารกในครรภ์, การเจริญเติบโต
650  4 ^aคัพภวิทยา
945    ^p0^l0^i15993
995    ^aกัณชพร
999 ^a ใช้งานได้ทุกระบบ
รายการนี้ยังไม่มีแท็ก
คุณยังไม่ได้ล็อกอิน คุณสามารถมีกิจกรรมร่วมกับเว็บไซต์ได้ แต่ต้องล็อกอินก่อน ::
  ล็อกอิน

รายการสื่อสารสนเทศ

ลำดับที่ ประเภท เลขเรียก/บาร์โค้ด สถานที่ สถานะ
- ไม่พบข้อมูล -

รายการใกล้เคียง
    ผู้แต่ง [เกล็ดแก้ว ด่านวิวัฒน์]

    หัวเรื่อง [Abnormalities]
    หัวเรื่อง [Embryology]
    หัวเรื่อง [Fetal Development]
    หัวเรื่อง [คัพภวิทยา]

BibComment


ยังไม่เคยถูกคอมเมนท์

คอมเมนท์ทรัพยากรรายการนี้
  คอมเมนท์: วิทยาเอ็มบริโอ ..


 Copyright 2026. Bcnsprnw @Library